00285nam a2200109Ia 4500008004100000041000800041082001900049100003800068245003800106260002400144365000700168230303s9999 xx 000 0 und d aeng a621.381501 BUR aBURNS (STANLEY G.) BOND (PAUL R.) aPrinciples of Electronic Circuits aNew DelhibGALGOTIA cRS